Statistics for Five Letter Movie Titles Quiz

Click here to take the quiz!

General Stats

  • This quiz has been taken 36,390 times
    (15,553 since last reset)
  • The average score is 10 of 16

Answer Stats

Description Movie % Correct
Ugly green ogre falls in love with a beautiful princessShrek
94%
A bus will explode if its velocity falls below 50 miles per hourSpeed
88%
Space miners encounter an extra-terrestrial creature that lays its eggs inside human bodiesAlien
83%
Woman and husband enjoy sexy pottery. Husband is shot and killed, but returns as a spiritGhost
81%
Petty Philadelphia thug gets a shot to fight the heavyweight world champRocky
81%
Young woman ignores father's advice and goes to Paris, where she is
promptly kidnapped by sex traffickers
Taken
72%
Scottish red-haired archer girl doesn't want to get engagedBrave
71%
Musical first lady asks Argentina not to cry for herEvita
65%
Remote control gives man god-like powersClick
64%
Dating consultant helps men woo the women of their dreams. But can he find true love himself?Hitch
53%
Chameleon must solve the case of the missing water in an Old West townRango
52%
Priest becomes convinced that crop circles are caused by aliensSigns
51%
Biopic about a Mexican painter with a unibrowFrida
48%
Gay Austrian fashionista provokes extreme reactions among unsuspecting AmericansBrĂ¼no
45%
The timeless tale of a half-vampire who hunts full-blooded vampiresBlade
43%
Street-smart Harlem detective is a bad mother, can you dig it?Shaft
37%

Score Distribution

Percentile by Number Answered

Percent of People with Each Score

Your Score History

You have not taken this quiz since the last reset